000 00404nam a22001697a 4500
003 OSt
005 20140310182955.0
008 130207t xxu||||| |||| 00| 0 eng d
050 _aHF 5621
_b.Ac172 2010
245 _aThe Accountant's handbook /
260 _aManila;
_bPICPA,
_c2010.
300 _a547 p. :
_bill. ;
_c23 cm.
521 _aBSA
562 _e1
942 _2lcc
_cBK
_kFOR
999 _c17993
_d17993